[Event "Izmailov Memorial op 17th"]
[Site "Tomsk"]
[Date "2013.06.14"]
[Round "4"]
[White "Elsukov, Vladimir"]
[Black "Pesniak, Nikolai"]
[Result "1-0"]
[WhiteElo "1797"]
[BlackElo "2018"]
[PlyCount "63"]
[EventDate "2013.06.11"]
[EventType "swiss"]
[EventRounds "9"]
[EventCountry "RUS"]
[SourceTitle "CBM 154 Extra"]
[Source "ChessBase"]
[SourceDate "2013.06.25"]
[SourceVersion "2"]
[SourceVersionDate "2013.06.25"]
[SourceQuality "1"]

1. c4 e5 2. Nc3 b6 3. Nf3 d6 4. g3 Bb7 5. d3 Bxf3 6. exf3 Nd7 7. Bg2 Rc8 8. 0-0 Be7 9. f4 Ngf6 10. d4 exd4 11. Qxd4 0-0 12. Nb5 a5 13. Na7 Ra8 14. Nc6 Qe8 15. Re1 Ne5 16. fxe5 dxe5 17. Nxe7+ Qxe7 18. Qxe5 Qxe5 19. Rxe5 Rad8 20. Bg5 Rd4 21. b3 Rfd8 22. Bxf6 gxf6 23. Rd5 R8xd5 24. Bxd5 Rd2 25. Re1 Rxa2 26. Re7 Rb2 27. Rxf7 Rxb3 28. Rxc7+ Kh8 29. Ra7 Rb4 30. Kg2 h5 31. h4 a4 32. Kf3 1-0

[Event "Izmailov Memorial op 16th"]
[Site "Tomsk"]
[Date "2012.08.09"]
[Round "4"]
[White "Elsukov, Vladimir"]
[Black "Zaretsky, Leonid"]
[Result "1/2-1/2"]
[WhiteElo "1812"]
[BlackElo "1992"]
[PlyCount "108"]
[EventDate "2012.08.06"]
[EventType "swiss"]
[EventRounds "9"]
[EventCountry "RUS"]
[SourceTitle "CBM 149 Extra"]
[Source "ChessBase"]
[SourceDate "2012.08.24"]
[SourceVersion "1"]
[SourceVersionDate "2012.08.24"]
[SourceQuality "1"]

1. d4 d5 2. c4 Nf6 3. Nf3 c6 4. Nc3 g6 5. e3 Bg7 6. cxd5 cxd5 7. Bb5+ Bd7 8. Qb3 e6 9. Ne5 Nc6 10. Bxc6 bxc6 11. Qa3 Qe7 12. Qa6 0-0 13. Bd2 c5 14. Qa3 Rfc8 15. 0-0 Bf8 16. dxc5 Qxc5 17. Qxc5 Rxc5 18. Nxd7 Nxd7 19. Rfc1 Rac8 20. Na4 Rc4 21. b3 Rc2 22. Rxc2 Rxc2 23. Bc3 Nc5 24. Bd4 Nxa4 25. bxa4 Bg7 26. Bxg7 Kxg7 27. Kf1 Kf6 28. a5 Ke5 29. f3 f6 30. a4 Rc5 31. Rb1 Rxa5 32. Rb4 Kd6 33. g4 Rc5 34. Rb7 Rc7 35. Rb5 e5 36. Kf2 h6 37. h4 Rc2+ 38. Kg3 d4 39. e4 d3 40. Rd5+ Ke6 41. Rxd3 Ra2 42. Rc3 Rxa4 43. Rc6+ Ke7 44. Rc7+ Kf8 45. Rc8+ Ke7 46. Rc7+ Kd6 47. Rh7 Ke6 48. Rxh6 Kf7 49. Rh7+ Kg8 50. Rc7 Ra1 51. g5 fxg5 52. hxg5 Rg1+ 53. Kh4 Rh1+ 54. Kg4 Rg1+ 1/2-1/2